Croatian towns and municipalities coats of arms: Osijek Baranja - Statistics

General Stats
  • This quiz has been taken 49 times
  • The average score is 22 of 42
Answer Stats
Picture Answer % Correct
Osijek
96%
Beli Manastir
82%
Belišće
79%
Đakovo
75%
Valpovo
75%
Antunovac
71%
Donji Miholjac
71%
Našice
71%
Ernestinovo
64%
Bilje
61%
Čepin
61%
Erdut
61%
Kneževi Vinogradi
61%
Bizovac
57%
Darda
57%
Jagodnjak
57%
Čeminac
54%
Koška
54%
Magadenovac
54%
Draž
50%
Podravska Moslavina
50%
Semeljci
50%
Viljevo
50%
Đurđenovac
46%
Feričanci
46%
Petlovac
46%
Petrijevci
46%
Strizivojna
46%
Drenje
43%
Satnica Đakovačka
43%
Vladislavci
43%
Levanjska Varoš
39%
Podgorač
39%
Popovac
39%
Donja Motičina
36%
Gorjani
36%
Punitovci
36%
Trnava
36%
Vuka
36%
Šodolovci
32%
Viškovci
32%
Marijanci
29%
No matching quizzes found
Score Distribution
Percent of People with Each Score
Percentile by Number Answered
Your Score History
You have not taken this quiz